[Event "CZE-ch U14"]
[Site "Teplice"]
[Date "2023.03.15"]
[Round "6"]
[White "Dusanek, Michal"]
[Black "Srba, Daniel"]
[Result "1-0"]
[WhiteElo "1624"]
[BlackElo "1509"]
[PlyCount "91"]
[EventDate "2023.03.11"]
[EventType "swiss"]
[EventRounds "9"]
[EventCountry "CZE"]
[SourceTitle "CBM 213 Extra"]
[Source "ChessBase"]
[SourceDate "2023.05.31"]
[SourceVersion "1"]
[SourceVersionDate "2023.05.31"]
[SourceQuality "1"]

1. d4 d6 2. e4 Nd7 3. Nf3 Ngf6 4. Bd3 e5 5. b3 exd4 6. Nxd4 Ne5 7. Bb2 Bg4 8. f3 Bd7 9. 0-0 Be7 10. Kh1 h5 11. Nf5 g6 12. Nxe7 Qxe7 13. f4 Bg4 14. Qe1 Nxd3 15. cxd3 0-0-0 16. Qh4 Nd5 17. Qxe7 Nxe7 18. Bxh8 Rxh8 19. Nc3 Nc6 20. h3 Bd7 21. Nd5 f5 22. Rac1 Be6 23. Rfe1 Bxd5 24. exd5 Nb4 25. Re6 Nxd3 26. Rc4 Rg8 27. Rxd6 Nxf4 28. Kh2 Nd3 29. Re6 Kd7 30. Kg3 b6 31. Rec6 Nc5 32. Kf4 g5+ 33. Kxf5 g4 34. hxg4 hxg4 35. Rxg4 Rf8+ 36. Kg5 Nd3 37. Kh6 Rh8+ 38. Kg7 Rh5 39. Rd4 Ne5 40. Re6 c5 41. Re4 Nd3 42. d6 Rg5+ 43. Rg6 Rxg6+ 44. Kxg6 Kxd6 45. Kf6 Nb4 46. Rxb4 1-0

[Event "Hradec Kralove Region-chT 2223"]
[Site "Czech Republic"]
[Date "2023.02.12"]
[Round "8.7"]
[White "Dusanek, Michal"]
[Black "Buchar, Petr"]
[Result "0-1"]
[WhiteElo "1609"]
[BlackElo "1864"]
[PlyCount "68"]
[EventDate "2022.10.09"]
[EventType "team-tourn"]
[EventRounds "11"]
[EventCountry "CZE"]
[SourceTitle "EXT 2024"]
[Source "ChessBase"]
[SourceDate "2023.10.10"]
[SourceVersion "1"]
[SourceVersionDate "2023.10.10"]
[SourceQuality "1"]

1. e4 c5 2. Nf3 Nc6 3. d4 cxd4 4. Nxd4 Nf6 5. Nc3 e5 6. Ndb5 d6 7. Nd5 Nxd5 8. exd5 Nb8 9. Bd3 a6 10. Nc3 Be7 11. 0-0 0-0 12. Be3 f5 13. f4 Nd7 14. a4 b6 15. a5 bxa5 16. Na4 e4 17. Be2 Qc7 18. Qd2 Rb8 19. c4 Bf6 20. h3 Rb4 21. g4 Nc5 22. Nxc5 Rxb2 23. Qe1 dxc5 24. g5 Bd4 25. Bxd4 cxd4 26. Rb1 Rxb1 27. Qxb1 d3 28. Bxd3 exd3 29. Qxd3 Qc5+ 30. Kg2 Re8 31. Kf3 Re4 32. Rc1 Qd4 33. Qxd4 Rxd4 34. Re1 Kf7 0-1

[Event "CZE-ch U14"]
[Site "Herlikovice"]
[Date "2021.10.23"]
[Round "1"]
[White "Dusanek, Michal"]
[Black "Tegda, Vojtech"]
[Result "1-0"]
[WhiteElo "1607"]
[BlackElo "1270"]
[PlyCount "95"]
[EventDate "2021.10.23"]
[EventType "swiss"]
[EventRounds "9"]
[EventCountry "CZE"]
[SourceTitle "EXT 2023"]
[Source "ChessBase"]
[SourceDate "2022.10.05"]
[SourceVersion "1"]
[SourceVersionDate "2022.10.05"]
[SourceQuality "1"]

1. d4 d5 2. Bf4 Nf6 3. e3 Bf5 4. Nd2 e6 5. Ngf3 Bd6 6. Ne5 Ne4 7. Be2 f6 8. Nd3 Nxd2 9. Qxd2 Bxd3 10. Bxd3 Bxf4 11. exf4 0-0 12. 0-0 Nd7 13. Rfe1 Re8 14. Re3 e5 15. Rae1 e4 16. f5 Nb6 17. f3 Qd7 18. fxe4 dxe4 19. Rxe4 Rxe4 20. Bxe4 Nc4 21. Qc3 Nd6 22. Bd5+ Kh8 23. Be6 Qe7 24. Qg3 Re8 25. Kf1 Nf7 26. Bc8 Qxe1+ 27. Qxe1 Rxe1+ 28. Kxe1 Nd6 29. Be6 g6 30. g4 Kg7 31. fxg6 Kxg6 32. Kf2 h5 33. Kf3 hxg4+ 34. Kxg4 f5+ 35. Kf4 Kf6 36. Bd5 c6 37. Bb3 Ne4 38. c4 Ng5 39. d5 Nh3+ 40. Kg3 Ng5 41. h4 Ne4+ 42. Kf4 Nd6 43. a3 Nf7 44. Bc2 Nd6 45. b3 cxd5 46. cxd5 Nb5 47. Bxf5 Nxa3 48. Bd3 1-0

[Event "Ceske Budejovice op-B"]
[Site "Ceske Budejovice"]
[Date "2020.07.07"]
[Round "7"]
[White "Dusanek, Michal"]
[Black "Straka, Zdenek"]
[Result "1-0"]
[WhiteElo "1500"]
[BlackElo "1812"]
[PlyCount "67"]
[EventDate "2020.07.01"]
[EventType "swiss"]
[EventRounds "9"]
[EventCountry "CZE"]
[SourceTitle "CBM 197 Extra"]
[Source "ChessBase"]
[SourceDate "2020.09.30"]
[SourceVersion "1"]
[SourceVersionDate "2020.09.30"]
[SourceQuality "1"]

1. e4 e6 2. d4 d5 3. Nd2 a6 4. Bd3 c5 5. dxc5 Bxc5 6. Ngf3 Nc6 7. c3 Nf6 8. Qe2 0-0 9. 0-0 h6 10. h3 Qc7 11. Re1 b5 12. a3 Bb7 13. e5 Nd7 14. Nb3 Ba7 15. Bf4 Rae8 16. Rad1 f6 17. Bg3 f5 18. Nbd4 f4 19. Bh2 Bb8 20. Nxc6 Qxc6 21. Bb1 g5 22. Qd3 Re7 23. Qg6+ Rg7 24. Qxh6 Rf5 25. Bxf5 exf5 26. Qxc6 Bxc6 27. e6 g4 28. exd7 Bxd7 29. Ne5 g3 30. Nxd7 gxh2+ 31. Kh1 f3 32. Nxb8 fxg2+ 33. Kxh2 f4 34. Rxd5 1-0